[Event "Muensterland Verbandsliga 2122"]
[Site "Germany"]
[Date "2021.10.02"]
[Round "1.3"]
[White "Althoff, Franz"]
[Black "Hanewinkel, Martin"]
[Result "0-1"]
[WhiteElo "1981"]
[BlackElo "1851"]
[PlyCount "66"]
[EventDate "2021.10.02"]
[EventType "team-tourn"]
[EventRounds "2"]
[EventCountry "GER"]
[SourceTitle "EXT 2023"]
[Source "ChessBase"]
[SourceDate "2022.10.05"]
[SourceVersion "1"]
[SourceVersionDate "2022.10.05"]
[SourceQuality "1"]
[WhiteTeam "Nienberge II"]
[BlackTeam "Beelen"]
[WhiteTeamCountry "GER"]
[BlackTeamCountry "GER"]

1. Nf3 c5 2. e4 e6 3. Nc3 a6 4. a4 Nc6 5. d4 cxd4 6. Nxd4 Qc7 7. Be2 Nf6 8. 0-0 h5 9. Nxc6 dxc6 10. a5 Bb4 11. Bd2 Bxa5 12. Ra4 b5 13. Rxa5 Qxa5 14. e5 Ng4 15. Nxb5 Qd8 16. Nd6+ Kf8 17. Bb4 Kg8 18. Qd4 a5 19. Ra1 Ba6 20. Qf4 Bxe2 21. Qxf7+ Kh7 22. Qxh5+ Nh6 23. Qxe2 axb4 24. Rd1 Qg5 25. g3 Qg6 26. h4 Rhf8 27. Ne4 Rad8 28. Re1 Qf5 29. f3 Kh8 30. Ng5 Nf7 31. g4 Qg6 32. Nh3 Qh6 33. h5 Qd2 0-1

[Event "Muensterland Verbandsliga 1920"]
[Site "Germany"]
[Date "2019.09.07"]
[Round "1.3"]
[White "Hanewinkel, Martin"]
[Black "Kuhlenbaeumer, Alfred"]
[Result "1-0"]
[WhiteElo "1853"]
[BlackElo "1811"]
[PlyCount "67"]
[EventDate "2019.09.07"]
[EventType "team-tourn"]
[EventRounds "7"]
[EventCountry "GER"]
[SourceTitle "EXT 2023"]
[Source "ChessBase"]
[SourceDate "2022.10.05"]
[SourceVersion "1"]
[SourceVersionDate "2022.10.05"]
[SourceQuality "1"]
[WhiteTeam "Beelen"]
[BlackTeam "Telgte"]
[WhiteTeamCountry "GER"]
[BlackTeamCountry "GER"]

1. d4 d6 2. Nf3 Bg4 3. Bf4 c6 4. Nbd2 Nf6 5. c3 Bf5 6. e3 Nbd7 7. h3 h6 8. a4 g5 9. Bh2 Bg7 10. a5 Qc8 11. Bc4 Bg6 12. Qe2 Ne4 13. Nxe4 Bxe4 14. Bd3 Bxd3 15. Qxd3 c5 16. 0-0 c4 17. Qe2 Qc6 18. e4 Rc8 19. e5 d5 20. Nd2 Qe6 21. f4 gxf4 22. Rxf4 Rc6 23. Qf3 0-0 24. Nf1 f6 25. Ne3 fxe5 26. Rxf8+ Nxf8 27. Bxe5 Bxe5 28. dxe5 Qxe5 29. Rf1 Qg7 30. Qxd5+ e6 31. Qd8 Rc5 32. Rf4 h5 33. Nxc4 Rg5 34. Rxf8+ 1-0

[Event "Muensterland Verbandsliga 1819"]
[Site "Germany"]
[Date "2018.11.24"]
[Round "4.4"]
[White "Hanewinkel, Martin"]
[Black "Esser, Peter"]
[Result "1-0"]
[WhiteElo "1811"]
[BlackElo "1770"]
[PlyCount "69"]
[EventDate "2018.09.01"]
[EventType "team-tourn"]
[EventRounds "9"]
[EventCountry "GER"]
[SourceTitle "EXT 2020"]
[Source "ChessBase"]
[SourceDate "2019.10.17"]
[SourceVersion "1"]
[SourceVersionDate "2019.10.17"]
[SourceQuality "1"]
[WhiteTeam "Beelen"]
[BlackTeam "Telgte"]
[WhiteTeamCountry "GER"]
[BlackTeamCountry "GER"]

1. d4 Nf6 2. Nf3 e6 3. Bf4 d5 4. c3 c5 5. e3 Nc6 6. Nbd2 Bd6 7. Ne5 Qc7 8. Ndf3 Nd7 9. Bb5 0-0 10. Nxc6 bxc6 11. Bxd6 Qxd6 12. Bd3 c4 13. Bc2 e5 14. dxe5 Nxe5 15. Nxe5 Qxe5 16. Qd4 Qxd4 17. exd4 Rb8 18. b4 Bd7 19. Kd2 Rfe8 20. Rhe1 h6 21. f4 g6 22. Re5 Rxe5 23. fxe5 Kg7 24. a4 Bf5 25. Bxf5 gxf5 26. a5 Kg6 27. Re1 Re8 28. Ke3 h5 29. h4 Re6 30. Kf4 Kg7 31. Re3 Rg6 32. Rg3 Rg4+ 33. Rxg4+ fxg4 34. Kg5 g3 35. Kxh5 1-0

[Event "Muensterland Regionalliga 1718"]
[Site "Germany"]
[Date "2018.06.02"]
[Round "9.5"]
[White "Hanewinkel, Martin"]
[Black "Haves, Reinhard"]
[Result "0-1"]
[WhiteElo "1864"]
[BlackElo "2089"]
[PlyCount "77"]
[EventDate "2017.09.02"]
[EventType "team-tourn"]
[EventRounds "9"]
[EventCountry "GER"]
[SourceTitle "EXT 2019"]
[Source "ChessBase"]
[SourceDate "2018.10.10"]
[SourceVersion "1"]
[SourceVersionDate "2018.10.10"]
[SourceQuality "1"]
[WhiteTeam "Beelen"]
[BlackTeam "Neuenkirchen"]
[WhiteTeamCountry "GER"]
[BlackTeamCountry "GER"]

1. d4 g6 2. Nf3 Bg7 3. Bf4 d6 4. c3 Nc6 5. e3 Nf6 6. Bc4 0-0 7. 0-0 Qe8 8. h3 e5 9. dxe5 dxe5 10. Bh2 Qe7 11. Nbd2 Bf5 12. Qe2 Rad8 13. e4 Bc8 14. Rfd1 Nh5 15. Nf1 Nf4 16. Qc2 Qf6 17. Be2 g5 18. Ne3 Be6 19. Bg3 h5 20. h4 Bh6 21. hxg5 Bxg5 22. Nxg5 Qxg5 23. Bxf4 exf4 24. Nf5 Ne5 25. Rxd8 Rxd8 26. Rd1 Re8 27. Kf1 Kh8 28. Bf3 Bc4+ 29. Ke1 Nxf3+ 30. gxf3 Qxf5 31. Kd2 Qf6 32. Kc1 Be6 33. Qa4 Rd8 34. Rh1 h4 35. Qb5 h3 36. Rg1 Qh6 37. Qe5+ Kh7 38. Qxc7 Rd5 39. Rg5 0-1

[Event "Muensterland Regionalliga 1718"]
[Site "Germany"]
[Date "2018.03.17"]
[Round "7.7"]
[White "Hanewinkel, Martin"]
[Black "Woltering, Martin"]
[Result "0-1"]
[WhiteElo "1864"]
[BlackElo "1801"]
[PlyCount "48"]
[EventDate "2017.09.02"]
[EventType "team-tourn"]
[EventRounds "9"]
[EventCountry "GER"]
[SourceTitle "EXT 2019"]
[Source "ChessBase"]
[SourceDate "2018.10.10"]
[SourceVersion "1"]
[SourceVersionDate "2018.10.10"]
[SourceQuality "1"]
[WhiteTeam "Beelen"]
[BlackTeam "Ahaus Wessum"]
[WhiteTeamCountry "GER"]
[BlackTeamCountry "GER"]

1. d4 e6 2. Nf3 f5 3. Bf4 Nf6 4. e3 d5 5. c3 Be7 6. Nbd2 Ne4 7. Ne5 0-0 8. h4 Nd7 9. Ndf3 c5 10. Bd3 Ndf6 11. Ng5 cxd4 12. exd4 Qb6 13. Qe2 Bd7 14. f3 h6 15. fxe4 fxe4 16. Nxd7 Nxd7 17. Bb5 Rxf4 18. Bxd7 hxg5 19. hxg5 Bxg5 20. Qh5 Bh6 21. Qe5 Rf6 22. b4 Rd8 23. Ba4 Qa6 24. Bb3 Qd3 0-1

[Event "Muensterland Verbandsliga 1617"]
[Site "Germany"]
[Date "2016.12.17"]
[Round "5.6"]
[White "Woltering, Martin"]
[Black "Hanewinkel, Martin"]
[Result "1-0"]
[WhiteElo "1785"]
[BlackElo "1814"]
[PlyCount "49"]
[EventDate "2016.09.10"]
[EventType "team"]
[EventRounds "9"]
[EventCountry "GER"]
[SourceTitle "EXT 2018"]
[Source "ChessBase"]
[SourceDate "2017.10.13"]
[SourceVersion "1"]
[SourceVersionDate "2017.10.13"]
[SourceQuality "1"]
[WhiteTeam "Ahaus Wessum"]
[BlackTeam "Beelen"]
[WhiteTeamCountry "GER"]
[BlackTeamCountry "GER"]

1. e4 c5 2. Nc3 e6 3. f4 a6 4. Nf3 Qc7 5. g3 Nc6 6. Bg2 b5 7. d3 Bb7 8. 0-0 Be7 9. Be3 d6 10. f5 b4 11. fxe6 fxe6 12. Ne2 Bf6 13. c3 Qe7 14. cxb4 Nxb4 15. Qb3 a5 16. a3 Nc6 17. Bh3 Rb8 18. Qc2 Bc8 19. Rab1 h5 20. d4 g5 21. e5 dxe5 22. dxe5 Nxe5 23. Nxe5 Bxe5 24. Qg6+ Kd8 25. Bxg5 1-0

[Event "Muensterland Verbandsliga 1617"]
[Site "Germany"]
[Date "2016.11.26"]
[Round "4.7"]
[White "Schmitt, Konrad"]
[Black "Hanewinkel, Martin"]
[Result "0-1"]
[WhiteElo "1684"]
[BlackElo "1814"]
[PlyCount "110"]
[EventDate "2016.09.10"]
[EventType "team"]
[EventRounds "9"]
[EventCountry "GER"]
[SourceTitle "EXT 2018"]
[Source "ChessBase"]
[SourceDate "2017.10.13"]
[SourceVersion "1"]
[SourceVersionDate "2017.10.13"]
[SourceQuality "1"]
[WhiteTeam "Muenster SK IV"]
[BlackTeam "Beelen"]
[WhiteTeamCountry "GER"]
[BlackTeamCountry "GER"]

1. e4 c5 2. Nf3 e6 3. d4 cxd4 4. Nxd4 a6 5. c3 Qc7 6. Be3 Nf6 7. f3 d5 8. exd5 Nxd5 9. Bf2 Bd6 10. g3 Bd7 11. Nd2 Nc6 12. Bg2 0-0 13. 0-0 Rac8 14. Ne4 Be7 15. Rc1 Nf6 16. Nd2 Rfd8 17. Qe2 Qe5 18. Rfe1 Qxe2 19. Rxe2 Nxd4 20. Bxd4 Bb5 21. Ree1 e5 22. Be3 Nd5 23. Nb3 Nxe3 24. Rxe3 Bg5 25. f4 exf4 26. Re5 f6 27. Rd5 fxg3 28. Rxg5 gxh2+ 29. Kxh2 fxg5 30. Re1 Bc6 31. Bh3 Rc7 32. Nd4 Bd5 33. a3 g6 34. Re5 Kg7 35. Rxd5 Rxd5 36. Ne6+ Kf6 37. Nxc7 Rd2+ 38. Kg3 Rxb2 39. Bg2 Ke5 40. Bf3 h5 41. Nd5 g4 42. Bh1 Rb1 43. Bg2 g5 44. Ne3 Rb3 45. Nd1 b5 46. a4 bxa4 47. Bf1 a3 48. Bc4 Rb1 49. Nf2 a5 50. Nd3+ Kd6 51. Ba2 Ra1 52. Bc4 a2 53. Ne1 Rxe1 54. Bxa2 Re3+ 55. Kg2 Re2+ 0-1

[Event "Muensterland Verbandsliga 1516"]
[Site "Germany"]
[Date "2016.01.16"]
[Round "5.4"]
[White "Hanewinkel, Martin"]
[Black "Wolffgang, Georg"]
[Result "0-1"]
[WhiteElo "1841"]
[BlackElo "1890"]
[PlyCount "84"]
[EventDate "2015.09.12"]
[EventType "team"]
[EventRounds "9"]
[EventCountry "GER"]
[SourceTitle "EXT 2017"]
[Source "ChessBase"]
[SourceDate "2016.10.25"]
[SourceVersion "1"]
[SourceVersionDate "2016.10.25"]
[SourceQuality "1"]
[WhiteTeam "Beelen"]
[BlackTeam "Muenster SK IV"]
[WhiteTeamCountry "GER"]
[BlackTeamCountry "GER"]

1. d4 f5 2. Nf3 Nf6 3. c3 b6 4. Bf4 Bb7 5. e3 e6 6. Nbd2 Be7 7. h3 0-0 8. Bc4 Bxf3 9. Nxf3 d5 10. Bd3 Ne4 11. h4 Nd7 12. Bxe4 fxe4 13. Ng5 Bxg5 14. hxg5 g6 15. Qg4 Rf5 16. 0-0-0 c5 17. f3 Qe7 18. fxe4 dxe4 19. Qh4 e5 20. Bxe5 Nxe5 21. Qxe4 Re8 22. dxe5 Rxe5 23. Qc4+ Kh8 24. Rdf1 Rxg5 25. Kc2 Rxg2+ 26. Kb3 h5 27. Rf7 Qxe3 28. Rd1 Rd2 29. Rxd2 Qxd2 30. Rxa7 Qd6 31. Kc2 Rd8 32. Qe2 c4 33. Kc1 b5 34. Re7 Rf8 35. Re8 Qf4+ 36. Kc2 Qf5+ 37. Kc1 Rxe8 38. Qxe8+ Kg7 39. b3 cxb3 40. axb3 Qf4+ 41. Kc2 h4 42. Qxb5 Qf5+ 0-1

[Event "Muensterland Verbandsklasse-B 1213"]
[Site "Germany"]
[Date "2013.01.26"]
[Round "5.3"]
[White "Fischer, Andreas"]
[Black "Hanewinkel, Martin"]
[Result "1/2-1/2"]
[WhiteElo "1911"]
[BlackElo "1862"]
[PlyCount "113"]
[EventDate "2012.09.15"]
[EventType "team-tourn"]
[EventRounds "9"]
[EventCountry "GER"]
[SourceTitle "EXT 2015"]
[Source "ChessBase"]
[SourceDate "2014.11.20"]
[SourceVersion "1"]
[SourceVersionDate "2014.11.20"]
[SourceQuality "1"]
[WhiteTeam "Saerbeck"]
[BlackTeam "Beelen"]
[WhiteTeamCountry "GER"]
[BlackTeamCountry "GER"]

1. e4 c5 2. Nf3 e6 3. Nc3 a6 4. d4 cxd4 5. Nxd4 Qc7 6. g3 Nf6 7. Bg2 Nc6 8. 0-0 Be7 9. a4 0-0 10. Nb3 Rb8 11. Qe2 d6 12. a5 Nd7 13. Rd1 b5 14. f4 Nc5 15. Nd4 Nxd4 16. Rxd4 Bf6 17. Rd1 b4 18. Nb1 Rb5 19. Nd2 Nb7 20. Qc4 Qc5+ 21. Qxc5 Rxc5 22. Bf1 Nxa5 23. Nb3 Nxb3 24. cxb3 Bb7 25. Be3 Rc2 26. Bd4 Bxe4 27. Bxf6 gxf6 28. Rxd6 Rfc8 29. Rd4 Bd5 30. Rxb4 Rxb2 31. Bc4 Rg2+ 32. Kf1 Rxh2 33. Rxa6 Bxc4+ 34. Rxc4 Rb8 35. b4 Rb2 36. f5 e5 37. Rxf6 Ra8 38. Rc1 Rxb4 39. Rfc6 Kg7 40. Re1 f6 41. Re2 Ra3 42. Rd2 Rb7 43. Kf2 h5 44. Kg2 Ra1 45. Kf2 Rab1 46. Rdd6 R7b2+ 47. Ke3 Re1+ 48. Kd3 Rd1+ 49. Ke3 Rb3+ 50. Kf2 Rxd6 51. Rxd6 Rb7 52. Kg2 Re7 53. Kf3 Rf7 54. g4 Kh6 55. gxh5 Kxh5 56. Ke4 Kg4 57. Rd8 1/2-1/2

[Event "Muensterland Verbandsklasse-B 0910"]
[Site "Germany"]
[Date "2010.02.20"]
[Round "7.3"]
[White "Virnyi, Julius"]
[Black "Hanewinkel, Martin"]
[Result "0-1"]
[WhiteElo "1966"]
[BlackElo "1847"]
[PlyCount "56"]
[EventDate "2009.09.19"]
[EventType "team-tourn"]
[EventRounds "9"]
[EventCountry "GER"]
[SourceTitle "EXT 2011"]
[Source "ChessBase"]
[SourceDate "2010.11.26"]
[SourceVersion "1"]
[SourceVersionDate "2010.11.26"]
[SourceQuality "1"]
[WhiteTeam "Muenster SK III"]
[BlackTeam "Beelen"]
[WhiteTeamCountry "GER"]
[BlackTeamCountry "GER"]

1. d4 Nf6 2. c4 c5 3. d5 e6 4. Nc3 exd5 5. cxd5 d6 6. e4 g6 7. f4 Bg7 8. Bb5+ Nfd7 9. a4 a6 10. Bd3 0-0 11. Nf3 Re8 12. 0-0 Nf6 13. Qe1 Nbd7 14. Qh4 Qc7 15. f5 c4 16. Bc2 gxf5 17. Bh6 Bxh6 18. Qxh6 Qb6+ 19. Kh1 Qxb2 20. Nd4 Qxc3 21. Nxf5 Nxe4 22. Bxe4 Rxe4 23. Ra3 Re1 24. Ne7+ Kh8 25. Qf4 Rxf1+ 26. Qxf1 Qxa3 27. h3 Qc3 28. Qxf7 Qg7 0-1

[Event "Muensterland Verbandsklasse-B 0910"]
[Site "Germany"]
[Date "2009.10.24"]
[Round "2.3"]
[White "Hanewinkel, Martin"]
[Black "Jacob, Helmut"]
[Result "0-1"]
[WhiteElo "1847"]
[BlackElo "1981"]
[PlyCount "118"]
[EventDate "2009.09.19"]
[EventType "team-tourn"]
[EventRounds "9"]
[EventCountry "GER"]
[SourceTitle "EXT 2011"]
[Source "ChessBase"]
[SourceDate "2010.11.26"]
[SourceVersion "1"]
[SourceVersionDate "2010.11.26"]
[SourceQuality "1"]
[WhiteTeam "Beelen"]
[BlackTeam "Ochtrup"]
[WhiteTeamCountry "GER"]
[BlackTeamCountry "GER"]

1. d4 Nf6 2. Nf3 g6 3. c3 Bg7 4. Bf4 Nh5 5. Bg3 d5 6. Nbd2 c6 7. e3 Qb6 8. Qb3 Qxb3 9. axb3 Nxg3 10. hxg3 Nd7 11. Bd3 0-0 12. b4 e5 13. dxe5 Nxe5 14. Nxe5 Bxe5 15. Nf3 Bf6 16. 0-0 Bd7 17. Rfe1 a6 18. e4 dxe4 19. Bxe4 Rad8 20. Rad1 Bg4 21. Bc2 Kg7 22. Bb3 Rxd1 23. Rxd1 Re8 24. Kf1 h5 25. Rd2 a5 26. bxa5 Ra8 27. Nd4 Rxa5 28. f3 Bd7 29. Nc2 Be8 30. Ne3 b5 31. Kf2 Ra1 32. f4 Rb1 33. Ba2 Ra1 34. Bb3 Be7 35. Re2 Kf8 36. g4 hxg4 37. Nxg4 Ra8 38. Ne3 Rd8 39. g4 Bc5 40. Kf3 Be7 41. Bc2 b4 42. cxb4 Bxb4 43. f5 Be7 44. fxg6 fxg6 45. Nc4 Bf6 46. Ne5 Kg7 47. Ba4 c5 48. Bxe8 Rxe8 49. Nd7 Rxe2 50. Kxe2 c4 51. Nxf6 Kxf6 52. g5+ Kxg5 53. Ke3 Kh4 54. Kd4 g5 55. Kxc4 g4 56. b4 g3 57. b5 g2 58. b6 g1Q 59. b7 Qb1 0-1

[Event "Muensterland Verbandsklasse-A 0809"]
[Site "Germany"]
[Date "2008.12.06"]
[Round "4.5"]
[White "Kuhlenbaeumer, Alfred"]
[Black "Hanewinkel, Martin"]
[Result "0-1"]
[WhiteElo "1855"]
[BlackElo "1785"]
[PlyCount "110"]
[EventDate "2008.09.13"]
[EventType "team-tourn"]
[EventRounds "9"]
[EventCountry "GER"]
[SourceTitle "EXT 2010"]
[Source "ChessBase"]
[SourceDate "2010.11.25"]
[SourceVersion "1"]
[SourceVersionDate "2010.11.25"]
[SourceQuality "1"]
[WhiteTeam "Telgte"]
[BlackTeam "Beelen"]
[WhiteTeamCountry "GER"]
[BlackTeamCountry "GER"]

1. e4 c5 2. Nf3 e6 3. d4 cxd4 4. Nxd4 a6 5. c4 Nf6 6. Nc3 Qc7 7. Be2 Nc6 8. 0-0 h5 9. Nxc6 dxc6 10. f4 Bc5+ 11. Kh1 e5 12. f5 Bd7 13. Bg5 Bd4 14. Bf3 Bxc3 15. bxc3 c5 16. Qe1 Bc6 17. Qh4 Ke7 18. Be3 b6 19. Rab1 Rad8 20. Qf2 Rd6 21. Qg3 Rdd8 22. Qf2 Rd6 23. Bg5 Kf8 24. Rfd1 Rxd1+ 25. Rxd1 Ke7 26. Qe2 Qb7 27. Qe3 Qc7 28. Bh4 Kf8 29. Qd2 Ke7 30. Qe2 Rd8 31. Rxd8 Qxd8 32. Bxh5 Kf8 33. Bf3 Qd7 34. Bg3 Qd6 35. h4 Nd7 36. Kg1 Qh6 37. Kf2 Qc1 38. Qd3 Ke7 39. Qe3 Qc2+ 40. Kg1 f6 41. h5 Qxa2 42. Bh4 Qxc4 43. g4 a5 44. g5 Qg8 45. Kf2 a4 46. Qc1 Qa2+ 47. Ke3 a3 48. Be2 Bxe4 49. gxf6+ gxf6 50. Qg1 Bxf5 51. Qf1 Qc2 52. Qg2 Qe4+ 53. Qxe4 Bxe4 54. Bc4 Bb1 55. h6 Kf8 0-1

[Event "Muenster Bezirksliga 0607"]
[Site "Germany"]
[Date "2006.10.28"]
[Round "2.19"]
[White "Raschke, Wolf Dieter"]
[Black "Hanewinkel, Martin"]
[Result "1-0"]
[WhiteElo "1712"]
[BlackElo "1827"]
[PlyCount "63"]
[EventDate "2006.09.16"]
[EventType "team"]
[EventRounds "9"]
[EventCountry "GER"]
[SourceTitle "EXT 2008"]
[Source "ChessBase"]
[SourceDate "2007.11.25"]
[SourceVersion "1"]
[SourceVersionDate "2007.11.25"]
[SourceQuality "1"]
[WhiteTeam "Muenster SK VI"]
[BlackTeam "Beelen"]
[WhiteTeamCountry "GER"]
[BlackTeamCountry "GER"]

1. d4 Nf6 2. Nf3 c5 3. d5 e6 4. c4 exd5 5. cxd5 d6 6. Nc3 g6 7. e4 Bg7 8. Be2 0-0 9. 0-0 a6 10. a4 Qc7 11. Nd2 Re8 12. Qc2 Nbd7 13. Nc4 Nb6 14. f3 Nxc4 15. Bxc4 Nd7 16. Ra3 Ne5 17. Ne2 f5 18. Ng3 fxe4 19. Nxe4 Bf5 20. Re1 Qd7 21. a5 Ng4 22. fxg4 Bd4+ 23. Kh1 Bxe4 24. Rxe4 Rxe4 25. Qxe4 Re8 26. Qe6+ Rxe6 27. dxe6 Qe7 28. Rf3 d5 29. Bxd5 Bf6 30. Rxf6 Qxf6 31. e7+ Kg7 32. e8N+ 1-0

[Event "Muenster Bezirksliga 0506"]
[Site "Muenster"]
[Date "2005.12.17"]
[Round "4.7"]
[White "Hanewinkel, Martin"]
[Black "Ackesmann, Michael"]
[Result "0-1"]
[WhiteElo "1806"]
[BlackElo "1613"]
[PlyCount "80"]
[EventDate "2005.09.10"]
[EventType "team"]
[EventRounds "9"]
[EventCountry "GER"]
[SourceTitle "EXT 2007"]
[Source "ChessBase"]
[SourceDate "2006.11.23"]
[SourceVersion "1"]
[SourceVersionDate "2006.11.23"]
[SourceQuality "1"]
[WhiteTeam "Beelen"]
[BlackTeam "Telgte III"]
[WhiteTeamCountry "GER"]
[BlackTeamCountry "GER"]

1. d4 Nf6 2. Nf3 d5 3. Bf4 e6 4. e3 c5 5. c3 Nc6 6. Nbd2 c4 7. Ne5 Be7 8. Ndf3 Nxe5 9. Nxe5 0-0 10. Be2 Ne4 11. f3 Nd6 12. Qc2 Bg5 13. g3 Bxf4 14. gxf4 Qh4+ 15. Kd2 f6 16. Ng4 h5 17. Nh6+ Kh8 18. Qg6 f5 19. Rag1 Qf6 20. Rg5 Qxg6 21. Rxg6 gxh6 22. Rxh6+ Kg7 23. Rxh5 Kf7 24. Rg1 Rg8 25. Rh7+ Kf8 26. Rg5 Nf7 27. Rxg8+ Kxg8 28. Rh3 Kg7 29. e4 Kf6 30. Rg3 Bd7 31. Bf1 Rh8 32. h3 b5 33. b4 fxe4 34. fxe4 dxe4 35. Ke3 Bc6 36. Bg2 Nd6 37. Rg5 Nf5+ 38. Ke2 Rh7 39. a3 Rg7 40. Rg4 Bd5 0-1